000 00534nam a2200169Ia 4500
003 IN-BaIIA
008 211028s9999 xx 000 0 eng d
040 _cIIA Library
080 _aGEN
_bKAR
110 _aKarnataka (India). Planning department
_923486
245 0 _aHuman Development in Karnataka 1999
_cPlanning department, Govt of Karnataka
260 _aBangalore
_bGovernment of Karnataka
_c1999
300 _axi, 388p.
650 _aHuman Development
_923487
650 _aKarnataka
_913095
942 _cBK
999 _c13390
_d13390